00568 2200217 4500001002100000005001500021035002000036007000300056008004100059020002200100082000800122084001400130100002200144245004200166250001100208260003900219300002800258650002200286504003100308990001100339INLIS00000000000185920180404100556 a0010-0418000016ta180404 g 0 ind  a978-979-25-4830-3 a301 a301 SIN s0 aSINDUNG, Haryanto1 aSosiologi Ekonomi /cSindung Haryanto acet. 4 aYogyakarta :bAr-Ruzz Media,c2016 a280 hlm ;c17,6 x 25 cm aSOSIOLOGI EKONOMI aBIBLIOGRAFI; hlm 261 - 279 a5593 B